Educación del carácter / (Registro nro. 13226)
[ vista simple ]
| 000 -LIDER | |
|---|---|
| fixed length control field | 00856nam a2200289Ia 4500 |
| 001 - NÚMERO DE CONTROL | |
| Identificador de número de control | 0084 |
| 003 - IDENTIFICACDOR DE NÚMERO DE CONTROL | |
| control field | DO-SdBNP |
| 005 - DATE AND TIME OF LATEST TRANSACTION | |
| control field | 20220822091508.0 |
| 008 - ELEMENTOS DE LONGITUD FIJA | |
| fixed length control field | 140604s2002 dr 000 0 und d |
| 020 ## - ISBN | |
| International Standard Book Number | 9993402494 |
| 040 ## - FUENTE DE CATALOGACIÓN | |
| Agencia que crea de manera original el registro | BPMSU |
| Idioma de catalogación | spa |
| Agencia que realiza la transcripción | BPMSU |
| 082 ## - NÚMERO DE CLASIFICACIÓN DECIMAL DE DEWEY | |
| Classification number | 155.282 |
| Item number | S583e |
| Edition number | 22 |
| 100 1# - ASIENTO PRINCIPAL -- NOMBRE PERSONAL | |
| Nombre personal | Silié Gatón, José A. |
| 245 1# - MENCIÓN DE TITULO | |
| Título | Educación del carácter / |
| Mención de responsabilidad | José A. Silié Gatón ; prólogo Francisco Mauro Castillo C. |
| 260 ## - PUBLICACIÓN, DISTRIBUCIÓN, ETC. (PIE DE IMPRENTA) | |
| Lugar de publicación, distribución, etc | Santo Domingo : |
| Nombre del editor, distribuidor, etc. | Banco Central de la República Dominicana, |
| Fecha de publicación, distribución, etc | 2002 |
| 300 ## - DESCRIPCIÓN FÍSICA | |
| Extensión | 262 p. ; |
| Dimensiones | 23 cm. |
| 500 ## - NOTA GENERAL | |
| Nota general | Incluye referencias bibliográficas y notas al pie de las páginas |
| 650 #4 - ENCABEZAMIENTO DE MATERIA--TEMÁTICO | |
| Término temático o nombre geográfico como elemento de entrada | Carácter. |
| 650 #4 - ENCABEZAMIENTO DE MATERIA--TEMÁTICO | |
| Término temático o nombre geográfico como elemento de entrada | Personalidad. |
| 650 #4 - ENCABEZAMIENTO DE MATERIA--TEMÁTICO | |
| Término temático o nombre geográfico como elemento de entrada | Temperamento. |
| 700 ## - ASIENTO SECUNDARIO -- NOMBRE PERSONAL | |
| Nombre personal | Castillo C., Mauro |
| Mención de responsabilidad | pról. |
| 852 ## - LOCALIZACIÓN | |
| Número de copia | |
| 856 ## - UBICACIÓN ELECTRÓNICA Y ACCESO | |
| Materiales especificados | |
| 856 ## - UBICACIÓN ELECTRÓNICA Y ACCESO | |
| Identificador Uniforme del Recurso (“URI”) | |
| 910 ## - VALIDACIÓN | |
| Validación | VMateo V. |
| 942 ## - ADDED ENTRY ELEMENTS (KOHA) | |
| Source of classification or shelving scheme | Dewey Decimal Classification |
| Koha item type | Libros |
| Withdrawn status | Lost status | Source of classification or shelving scheme | Damaged status | Not for loan | Collection code | Home library | Current library | Date acquired | Full call number | Barcode | Date last seen | Price effective from | Koha item type |
|---|---|---|---|---|---|---|---|---|---|---|---|---|---|
| Dewey Decimal Classification | Colección Dominicana | Biblioteca Pública Metropolitana Salomé Ureña | Biblioteca Pública Metropolitana Salomé Ureña | 11/30/2017 | BPMSU CD 155.282 S583e 2002 | BPMSU17110555 | 11/30/2017 | 11/30/2017 | Libros |